Culture Générale - Série 2205 - Statistiques

Statistiques générales
  • Ce quiz a été pris 130 fois
  • Le résultat moyen est 4 sur 10
Statistiques - réponses
Question Réponse % Correct
Quel pays européen a pour capitale La Valette ? Malte
94%
Quel pays a vendu l’Alaska aux États-Unis en 1867 ? Russie
71%
Quelle championne cycliste française a remporté 59 titres nationaux, 13 titres de championne du monde et un titre olympique ? prénom et nom - voir photographie Jeannie Longo
66%
Quel est le plus petit état en superficie des États-Unis ? Rhode Island
62%
Quel verbe familier de 6 lettres commençant par " b ",synonyme de bouffer, signifie "manger gloutonnement et avec excès." ? bâfrer
49%
Aux Etats Unis, quel est le nom de la capitale de l'état du Vermont qui rappelle le nom d’une ville française ? Montpelier
44%
Dans quel pays peut-on admirer le célèbre Pont Charles ? République Tchèque
39%
Quel nom donne-t-on à un chien dont on ne parvient pas à déterminer les races intervenues dans sa création? corniaud
8%
Plante herbacée vivace qui pousse dans des régions arides et qui sert notamment à fabriquer des papiers d'impression de qualité (homonyme d'une lettre de l'alphabet grec) alfa
5%
En botanique, quel adjectif signifie "Qui porte un crochet, se termine en crochet, par des crochets" ? unciné
0%
Aucun quiz correspondant
Distribution des résultats
% des personnes avec chaque résultat
Percentile par nombre de réponses
Votre historique - résultats
Vous n’avez pas pris ce quiz